Loading...
| Current Events | 2 | 3 | 0 | 0 | 60 | 52 | 71.00 | 2 | 5 | 0.00 | 0.00 |
| Geography | 2 | 2 | 0 | 2 | 50 | 61 | 93.25 | 0 | 2 | 0.00 | 0.00 |
| Religion | 0 | 5 | 1 | 1 | 45 | 119 | 132.00 | 1 | 3 | 0.00 | 0.00 |
| History - Ancient/Other | 0 | 3 | 0 | 2 | 30 | 97 | 129.33 | 0 | 3 | 0.00 | 0.00 |
| History - World | 1 | 2 | 3 | 0 | 20 | 70 | 96.33 | 1 | 2 | 0.00 | 0.00 |
| History - European | 0 | 2 | 0 | 1 | 20 | 81 | 100.00 | 0 | 2 | 0.00 | 0.00 |
| Science - Other | 0 | 2 | 1 | 0 | 15 | 83 | 88.50 | 0 | 2 | 0.00 | 0.00 |
| Science - Biology | 0 | 1 | 0 | 0 | 10 | 96 | 96.00 | 0 | 1 | 0.00 | 0.00 |
| History - American | 0 | 1 | 0 | 0 | 10 | 112 | 112.00 | 0 | 0 | 0.00 | 0.00 |
| Science - Chemistry | 0 | 1 | 0 | 1 | 10 | 116 | 116.00 | 0 | 1 | 0.00 | 0.00 |
| Fine Arts - Auditory | 0 | 1 | 1 | 0 | 5 | 114 | 114.00 | 1 | 1 | 0.00 | 0.00 |
| Social Science | 0 | 1 | 1 | 0 | 5 | 130 | 130.00 | 0 | 1 | 0.00 | 0.00 |
| Science - Physics | 0 | 0 | 0 | 0 | 0 | 0.00 | 0 | 0 | 0.00 | 0.00 |